Welcome to the Holygrace Academy Library

Please use search bar below to get started

FRANKLIN HAS A SLEEP OVER (Record no. 7495)

MARC details
000 -LEADER
fixed length control field 00306nam a22001337a 4500
082 ## - DEWEY DECIMAL CLASSIFICATION NUMBER
Classification number 823
Item number BOU/F
100 ## - MAIN ENTRY--AUTHOR NAME
Personal name BOURGOLSE, PANLETTE
100 ## - MAIN ENTRY--AUTHOR NAME
Personal name BREND
245 ## - TITLE STATEMENT
Title FRANKLIN HAS A SLEEP OVER
260 ## - PUBLICATION, DISTRIBUTION, ETC. (IMPRINT)
Place of publication NEW YORK
Name of publisher SCHOLASTIC
Year of publication 1996
300 ## - PHYSICAL DESCRIPTION
Number of Pages 30
650 ## - SUBJECT ADDED ENTRY--TOPICAL TERM
Topical Term ENGLISH STORY
Geographic subdivision UNITED STATES
942 ## - ADDED ENTRY ELEMENTS (KOHA)
Koha item type Books
Holdings
Withdrawn status Lost status Collection code Home library Current library Date acquired Source of acquisition Full call number Accession Number Koha item type
Withdrawn Damaged Item Fiction Main Library Main Library 06/03/2002 purchase 823 BOU/F 00594 Books